Last 25 Years: 'M' Movies Quiz Stats

 Plays Quiz Updated Jan 2, 2019

Challenge
Share
Tweet
Score 0/25 Timer 08:00
4 Plays Today
% Correct
Men in Black
94.6%
Madagascar
93.5%
The Martian
93.2%
The Mask
91.8%
Mulan
91.1%
The Matrix
90.8%
Man of Steel
89.6%
Mission: Impossible
87.7%
Maleficent
83.8%
Million Dollar Baby
80.9%
Mary Poppins Returns
71.8%
Milk
69.6%
Murder on the Orient Express
64.7%
% Correct
Machete
59.2%
Minority Report
55.5%
Memento
55.3%
Midnight in Paris
44.4%
Marie Antoinette
44.3%
Mallrats
41.9%
Mystic River
40.5%
Moonrise Kingdom
37.3%
Moana
29%
Moon
28.6%
Michael Clayton
27.9%
Mulholland Dr.
22.3%

You're not logged in!

Compare scores with friends on all Sporcle quizzes.
OR
Log In

You Might Also Like...

Show Comments

Extras

Top Quizzes Today


Score Distribution

Your Account Isn't Verified!

In order to create a playlist on Sporcle, you need to verify the email address you used during registration. Go to your Sporcle Settings to finish the process.

Report this User

Report this user for behavior that violates our Community Guidelines.

Details: